Gminy powiatu nowodworskiego (pomorskie) - Statystyki

Ogólne statystyki
  • Ten quiz został rozwiązany 12 razy
  • Średni wynik to 4 z 5
Statystyki odpowiedzi
Status gminy Gmina % Poprawnych
Miejsko-wiejska Nowy Dwór Gdański
100%
Wiejska Stegna
100%
Wiejska Sztutowo
100%
Miejska Krynica Morska
88%
Wiejska Ostaszewo
50%
Nie znaleziono quizów pasujących do podanych kryteriów
Rozkład punktacji
Procent ludzi z każdym wynikiem
Percentyl według liczby udzielonych odpowiedzi
Twoja historia wyników
Nie rozwiązałeś tego quizu